Les personnages de Naruto en image #2 - Statistiques

Statistiques générales
  • Ce quiz a été pris 93 fois
  • Le résultat moyen est 8 sur 16
Statistiques - réponses
Par images Réponse % Correct
Shikaku
91%
Matatabi
84%
Hanabi
80%
Tayuya
74%
Yagura
70%
Samui
66%
Ibiki
62%
Udon
61%
Kurotsuchi
53%
Gatô
51%
Mikoto
35%
Gamaken
28%
Dosu
27%
Izumo
16%
Shiho
11%
Chukichi
0%
Aucun quiz correspondant
Distribution des résultats
% des personnes avec chaque résultat
Percentile par nombre de réponses
Votre historique - résultats
Vous n’avez pas pris ce quiz